| 000 | 00687nam a2200229 u 4500 | ||
|---|---|---|---|
| 005 | 20240802063710.0 | ||
| 008 | 090401s2007 mx r 000 0 spa d | ||
| 020 | _a9789702009917 | ||
| 035 | _aUPN01000170213 | ||
| 049 | _aI | ||
| 050 | 4 |
_aPZ74.9 _bM3.6 2007 |
|
| 100 | 1 |
_aMalpica Maury, Antonio, _d1967- _930238 |
|
| 245 | 1 | 4 |
_aLas mejores alas / _cToño Malpica ; il. Tony Sandoval. |
| 250 | _a2a ed. | ||
| 260 |
_aMéxico : _bCastillo, _c2007. |
||
| 300 | _a127 p. | ||
| 440 | 0 |
_aCastillo de la lectura. _pNaranja |
|
| 650 | 4 |
_aLiteratura infantil mexicana _910209 |
|
| 650 | 4 |
_aNIÑOS DE LA CALLE - _zMEXICO _916560 |
|
| 650 | 4 |
_aCUENTOS FANTASTICOS _97897 |
|
| 905 | _aInfantil | ||
| 999 |
_c142319 _d142319 |
||